[Event "PanAm Intercolleagiate-ch 2019"]
[Site "Charlotte"]
[Date "2019.12.30"]
[Round "6.1"]
[White "Preotu, Razvan"]
[Black "Baryshpolets, Andrey"]
[Result "0-1"]
[WhiteElo "2487"]
[BlackElo "2564"]
[Annotator "ChessBase"]
[PlyCount "136"]
[EventDate "2019.12.27"]
[EventType "team-tourn"]
[EventCountry "USA"]
[SourceTitle "playchess.com"]
[Source "ChessBase"]
[SourceQuality "1"]
[TimeControl "5400+30"]

1. e4 {[%emt 1:30:30]} c5 {[%emt 1:30:30]} 2. Nf3 {[%emt 0:00:30]} e6 {[%emt 0:00:30]} 3. c3 {[%emt 0:00:30]} Nf6 {[%emt 0:00:30]} 4. e5 {[%emt 0:00:30]} Nd5 {[%emt 0:00:30]} 5. d4 {[%emt 0:00:30]} cxd4 {[%emt 0:00:30]} 6. cxd4 {[%emt 0:00:30]} d6 {[%emt 0:00:30]} 7. Bd3 {[%emt 0:00:30]} dxe5 {[%emt 0:00:30]} 8. dxe5 {[%emt 0:00:30]} Nb4 {[%emt 0:00:30]} 9. Be4 {[%emt 0:00:30]} Qxd1+ {[%emt 0:00:30]} 10. Kxd1 {[%emt 0:00:30]} Nd7 {[%emt 0:00:30]} 11. Bd2 {[%emt 0:00:30]} Nc5 {[%emt 0:00:30]} 12. Bxb4 {[%emt 0:00:30]} Nxe4 {[%emt 0:00:30]} 13. Bxf8 {[%emt 0:00:30]} Rxf8 {[%emt 0:00:30]} 14. Ke2 {[%emt 0:00:30]} Ke7 {[%emt 0:00:30]} 15. Rc1 {[%emt 0:00:30]} Bd7 {[%emt 0:00:30]} 16. Ke3 {[%emt 0:00:30]} f5 {[%emt 0:00:30]} 17. Nbd2 {[%emt 0:00:30]} Nxd2 {[%emt 0:00:30]} 18. Nxd2 {[%emt 0:00:30]} f4+ {[%emt 0:00:30]} 19. Kd4 {[%emt 0:00:30]} Bc6 {[%emt 0:00:30]} 20. Nc4 {[%emt 0:00:30]} Rad8+ {[%emt 0:00:30]} 21. Nd6 {[%emt 0:00:30]} g5 {[%emt 0:00:30]} 22. Rc2 {[%emt 0:00:30]} g4 {[%emt 0:00:30]} 23. g3 {[%emt 0:00:30]} h5 {[%emt 0:00:30]} 24. a4 {[%emt 0:00:30]} h4 {[%emt 0:00:30]} 25. a5 {[%emt 0:00:30]} a6 {[%emt 0:00:30]} 26. Kc5 {[%emt 0:00:30]} fxg3 {[%emt 0:00:30]} 27. fxg3 {[%emt 0:00:30]} h3 {[%emt 0:00:30]} 28. Rc4 {[%emt 0:00:30]} Rf2 {[%emt 0:00:30]} 29. Rxg4 {[%emt 0:00:30]} Rc2+ {[%emt 0:00:30]} 30. Kd4 {[%emt 0:00:30]} Rxh2 {[%emt 0:00:30]} 31. Rg7+ {[%emt 0:00:30]} Kf8 {[%emt 0:00:30]} 32. Rg5 {[%emt 0:00:30]} Ke7 {[%emt 0:00:30]} 33. Rg7+ {[%emt 0:00:30]} Kf8 {[%emt 0:00:30]} 34. Rg5 {[%emt 0:00:30]} Ke7 {[%emt 0:00:30]} 35. Ke3 {[%emt 0:00:30]} Rxd6 {[%emt 0:00:30]} 36. exd6+ {[%emt 0:00:30]} Kxd6 {[%emt 0:00:30]} 37. Rh5 {[%emt 0:00:30]} Rxb2 {[%emt 0:00:30]} 38. Rxh3 {[%emt 0:00:30]} Rb3+ {[%emt 0:00:30]} 39. Kf4 {[%emt 0:00:30]} e5+ {[%emt 0:00:30]} 40. Kg5 {[%emt 0:00:30]} e4 {[%emt 0:00:30]} 41. Rh6+ {[%emt 0:00:30]} Ke5 {[%emt 0:00:30]} 42. g4 {[%emt 0:00:30]} e3 {[%emt 0:00:30]} 43. Rh7 {[%emt 0:00:30]} Ke4 {[%emt 0:00:30]} 44. Re7+ {[%emt 0:00:30]} Kf3 {[%emt 0:00:30]} 45. Rf7+ {[%emt 0:00:30]} Kg3 {[%emt 0:00:30]} 46. Rff1 {[%emt 0:00:30]} Rb5+ {[%emt 0:00:30]} 47. Kf6 {[%emt 0:00:30]} Kxg4 {[%emt 0:00:30]} 48. Rae1 {[%emt 0:00:30]} Bg2 {[%emt 0:00:30]} 49. Rg1 {[%emt 0:00:30]} Kf3 {[%emt 0:00:30]} 50. Rxg2 {[%emt 0:00:30]} Kxg2 {[%emt 0:00:30]} 51. Rxe3 {[%emt 0:00:30]} Rxa5 {[%emt 0:00:30]} 52. Rb3 {[%emt 0:00:30]} b5 {[%emt 0:00:30]} 53. Ke5 {[%emt 0:00:30]} Ra4 {[%emt 0:00:30]} 54. Kd5 {[%emt 0:00:30]} b4 {[%emt 0:00:30]} 55. Kc4 {[%emt 0:00:30]} a5 {[%emt 0:00:30]} 56. Re3 {[%emt 0:00:30]} Ra1 {[%emt 0:00:30]} 57. Rd3 {[%emt 0:00:30]} Kf2 {[%emt 0:00:30]} 58. Rh3 {[%emt 0:00:30]} Ke2 {[%emt 0:00:30]} 59. Rh2+ {[%emt 0:00:30]} Ke3 {[%emt 0:00:30]} 60. Rh3+ {[%emt 0:00:30]} Kd2 {[%emt 0:00:30]} 61. Rh2+ {[%emt 0:00:30]} Kc1 {[%emt 0:00:30]} 62. Rg2 {[%emt 0:00:30]} Kb1 {[%emt 0:00:30]} 63. Rh2 {[%emt 0:00:30]} Ra2 {[%emt 0:00:30]} 64. Rh1+ {[%emt 0:00:30]} Kb2 {[%emt 0:00:30]} 65. Rh3 {[%emt 0:00:30]} Ra1 {[%emt 0:00:30]} 66. Rb3+ {[%emt 0:00:30]} Ka2 {[%emt 0:00:30]} 67. Rh3 {[%emt 0:00:30]} Rc1+ {[%emt 0:00:30]} 68. Kb5 {[%emt 0:00:30]} b3 {[%emt 0:00:30]} 0-1

[Event "PanAm Intercolleagiate-ch 2019"]
[Site "Charlotte"]
[Date "2019.12.30"]
[Round "6.2"]
[White "Shtembuliak, Evgeny"]
[Black "Stremavicius, Titas"]
[Result "1-0"]
[WhiteElo "2600"]
[BlackElo "2519"]
[Annotator "ChessBase"]
[PlyCount "67"]
[EventDate "2019.12.27"]
[EventType "team-tourn"]
[EventCountry "USA"]
[SourceTitle "playchess.com"]
[Source "ChessBase"]
[SourceQuality "1"]
[TimeControl "5400+30"]

1. c4 {[%emt 1:30:30]} e6 {[%emt 1:30:30]} 2. Nc3 {[%emt 0:00:30]} d5 {[%emt 0:00:30]} 3. d4 {[%emt 0:00:30]} Nf6 {[%emt 0:00:30]} 4. cxd5 {[%emt 0:00:30]} exd5 5. Bg5 {[%emt 0:00:30]} Nbd7 {[%emt 0:01:00]} 6. e3 {[%emt 0:00:30]} Be7 {[%emt 0:00:30]} 7. Bd3 {[%emt 0:00:30]} c6 {[%emt 0:00:30]} 8. Nge2 {[%emt 0:00:30]} h6 {[%emt 0:00:30]} 9. Bh4 {[%emt 0:00:30]} Nh5 {[%emt 0:00:30]} 10. Bxe7 {[%emt 0:00:30]} Qxe7 {[%emt 0:00:30]} 11. Qd2 {[%emt 0:00:30]} Nb6 {[%emt 0:00:30]} 12. O-O {[%emt 0:00:30]} O-O {[%emt 0:00:30]} 13. f3 {[%emt 0:00:30]} Nf6 {[%emt 0:00:30]} 14. Rae1 {[%emt 0:00:30]} Be6 {[%emt 0:00:30]} 15. b3 {[%emt 0:00:30]} Rad8 {[%emt 0:00:30]} 16. e4 {[%emt 0:00:30]} dxe4 {[%emt 0:00:30]} 17. fxe4 {[%emt 0:00:30]} Bg4 {[%emt 0:00:30]} 18. e5 {[%emt 0:00:30]} Nfd5 {[%emt 0:00:30]} 19. Bb1 {[%emt 0:00:30]} c5 {[%emt 0:00:30]} 20. Ne4 {[%emt 0:00:30]} Bxe2 {[%emt 0:00:30]} 21. Rxe2 {[%emt 0:00:30]} cxd4 {[%emt 0:00:30]} 22. Nf6+ {[%emt 0:00:30]} Kh8 {[%emt 0:00:30]} 23. Re4 {[%emt 0:00:30]} d3 {[%emt 0:00:30]} 24. b4 {[%emt 0:00:30]} Nxf6 {[%emt 0:00:30]} 25. Rxf6 {[%emt 0:00:30]} Kg8 {[%emt 0:00:30]} 26. Bxd3 {[%emt 0:00:30]} Rxd3 {[%emt 0:00:30]} 27. Qxd3 {[%emt 0:00:30]} gxf6 {[%emt 0:00:30]} 28. Rg4+ {[%emt 0:00:30]} Kh8 {[%emt 0:00:30]} 29. Qe3 {[%emt 0:00:30]} Kh7 {[%emt 0:00:30]} 30. Rh4 {[%emt 0:00:30]} Kg6 {[%emt 0:00:30]} 31. Rxh6+ {[%emt 0:00:30]} Kg7 {[%emt 0:00:30]} 32. exf6+ {[%emt 0:00:30]} Qxf6 {[%emt 0:00:30]} 33. Rxf6 {[%emt 0:00:30]} Kxf6 {[%emt 0:00:30]} 34. Qf3+ {[%emt 0:00:30]} 1-0

[Event "PanAm Intercolleagiate-ch 2019"]
[Site "Charlotte"]
[Date "2019.12.30"]
[Round "6.3"]
[White "Reshef, Omer"]
[Black "Vorontsov, Pavlo"]
[Result "1-0"]
[WhiteElo "2458"]
[BlackElo "2539"]
[Annotator "ChessBase"]
[PlyCount "65"]
[EventDate "2019.12.27"]
[EventType "team-tourn"]
[EventCountry "USA"]
[SourceTitle "playchess.com"]
[Source "ChessBase"]
[SourceQuality "1"]
[TimeControl "5400+30"]

1. e4 {[%emt 1:30:30]} g6 {[%emt 1:30:30]} 2. d4 {[%emt 0:00:30]} Bg7 {[%emt 0:00:30]} 3. Nc3 {[%emt 0:00:30]} d6 {[%emt 0:00:30]} 4. Nf3 {[%emt 0:00:30]} a6 {[%emt 0:00:30]} 5. h3 {[%emt 0:00:30]} b5 {[%emt 0:00:30]} 6. Bd3 {[%emt 0:00:30]} Nd7 {[%emt 0:00:30]} 7. a4 {[%emt 0:00:30]} b4 {[%emt 0:00:30]} 8. Ne2 {[%emt 0:00:30]} Bb7 {[%emt 0:00:30]} 9. O-O {[%emt 0:00:30]} Ngf6 {[%emt 0:00:30]} 10. Ng3 {[%emt 0:00:30]} c5 {[%emt 0:00:30]} 11. c3 {[%emt 0:00:30]} bxc3 {[%emt 0:00:30]} 12. bxc3 {[%emt 0:00:30]} O-O {[%emt 0:00:30]} 13. a5 {[%emt 0:00:30]} Qc7 {[%emt 0:00:30]} 14. Bg5 {[%emt 0:00:30]} h6 {[%emt 0:00:30]} 15. Be3 {[%emt 0:00:30]} d5 {[%emt 0:00:30]} 16. e5 {[%emt 0:00:30]} Ne4 {[%emt 0:00:30]} 17. Ne2 {[%emt 0:00:30]} Rfc8 {[%emt 0:00:30]} 18. Nh2 {[%emt 0:00:30]} f6 {[%emt 0:00:30]} 19. Rb1 {[%emt 0:00:30]} e6 {[%emt 0:00:30]} 20. Bxe4 {[%emt 0:00:30]} dxe4 {[%emt 0:00:30]} 21. Nf4 {[%emt 0:00:30]} Nf8 {[%emt 0:00:30]} 22. exf6 {[%emt 0:00:30]} Bxf6 {[%emt 0:00:30]} 23. Ng4 {[%emt 0:00:30]} Bg5 {[%emt 0:00:30]} 24. Nxe6 {[%emt 0:00:30]} Nxe6 {[%emt 0:00:30]} 25. Qb3 {[%emt 0:00:30]} Qd6 {[%emt 0:00:30]} 26. Qxb7 {[%emt 0:00:30]} cxd4 {[%emt 0:00:30]} 27. Bxg5 {[%emt 0:00:30]} Nxg5 {[%emt 0:00:30]} 28. Rb6 {[%emt 0:00:30]} Rcb8 {[%emt 0:00:30]} 29. Qxa8 {[%emt 0:00:30]} Qxb6 {[%emt 0:00:30]} 30. axb6 {[%emt 0:00:30]} Rxa8 {[%emt 0:00:30]} 31. Nf6+ {[%emt 0:00:30]} Kf7 {[%emt 0:00:30]} 32. Nd7 {[%emt 0:00:30]} Ke6 {[%emt 0:00:30]} 33. b7 {[%emt 0:00:30]} 1-0

[Event "PanAm Intercolleagiate-ch 2019"]
[Site "Charlotte"]
[Date "2019.12.30"]
[Round "6.4"]
[White "Sorokin, Aleksey"]
[Black "Grinberg, Eyal"]
[Result "1/2-1/2"]
[WhiteElo "2520"]
[BlackElo "2465"]
[Annotator "TA"]
[PlyCount "65"]
[EventDate "2019.12.27"]
[EventType "team-tourn"]
[EventCountry "USA"]
[SourceTitle "playchess.com"]
[Source "ChessBase"]
[SourceQuality "1"]

{[%evp 19,65,18,28,24,22,17,13,8,8,11,16,7,42,0,16,0,43,20,23,24,30,32,51,25,30,20,33,14,46,0,0,0,0,0,0,0,0,0,0,0,0,0,0,0,0,0,0,0]} 1. d4 d5 2. c4 c6 3. Nf3 Nf6 4. e3 e6 5. b3 b6 6. Bd3 Bb7 7. O-O Bd6 8. Nbd2 Nbd7 9. Bb2 O-O 10. Qe2 c5 11. e4 {E14: Queen's Indian: Classical Variation (4 e3)} (11. Rad1 Ne4 12. cxd5 exd5 13. Ba6 Bxa6 14. Qxa6 Re8 15. dxc5 Ndxc5 16. Qe2 Rc8 17. Rc1 Bf8 18. Rfd1 Qe7 {½-½ (45) Radjabov,T (2710)-Ding,L (2773) Moscow 2017}) 11... dxe4 12. Nxe4 Nxe4 13. Bxe4 Bxe4 14. Qxe4 Nf6 15. Qh4 $146 ({Predecessor:} 15. Qe2 cxd4 16. Rad1 Qc7 17. Bxd4 Rfd8 18. Rd3 Nd7 {½-½ (26) Esposito,L (2446)-Nekhaev,A (2499) ICCF email 2017}) 15... Nd7 16. Qe4 Nf6 17. Qh4 Nd7 18. Qg4 {[#] Strongly threatening dxc5.} Nf6 19. Qh3 cxd4 20. Nxd4 Bc5 21. Rad1 Qc7 22. Qf3 a6 23. Nc6 {Hoping for Be5.} Rac8 $1 24. Bxf6 gxf6 {The position is equal.} 25. Qxf6 Qxc6 26. Qg5+ Kh8 {[#] ...f6 is the strong threat.} 27. Qf6+ Kg8 {And now ...Qe4 would win.} 28. Rd3 {[%cal Rd3g3]} Bd6 29. Qg5+ Kh8 {Threatens to win with ...f6.} 30. Qf6+ Kg8 31. Qg5+ Kh8 {White must now prevent ...f6.} 32. Qf6+ Kg8 33. Qg5+ {Accuracy: White = 69%, Black = 67%.} 1/2-1/2

[Event "PanAm Intercolleagiate-ch 2019"]
[Site "Charlotte"]
[Date "2019.12.30"]
[Round "6.5"]
[White "Swiercz, Dariusz"]
[Black "Bruzon Batista, Lazaro"]
[Result "1/2-1/2"]
[WhiteElo "2659"]
[BlackElo "2640"]
[Annotator "ChessBase"]
[PlyCount "154"]
[EventDate "2019.12.27"]
[EventType "team-tourn"]
[EventCountry "USA"]
[SourceTitle "playchess.com"]
[Source "ChessBase"]
[SourceQuality "1"]
[TimeControl "5400+30"]

1. d4 {[%emt 1:30:30]} Nf6 {[%emt 1:30:30]} 2. c4 {[%emt 0:00:30]} e6 {[%emt 0:00:30]} 3. Nc3 {[%emt 0:00:30]} Bb4 {[%emt 0:00:30]} 4. Qc2 {[%emt 0:00:30]} d5 {[%emt 0:00:30]} 5. cxd5 {[%emt 0:00:30]} exd5 {[%emt 0:00:30]} 6. Bg5 {[%emt 0:00:30]} h6 {[%emt 0:00:30]} 7. Bh4 {[%emt 0:00:30]} O-O {[%emt 0:00:30]} 8. e3 {[%emt 0:00:30]} c5 {[%emt 0:00:30]} 9. dxc5 {[%emt 0:00:30]} Be6 {[%emt 0:00:30]} 10. a3 {[%emt 0:00:30]} Bxc3+ {[%emt 0:00:30]} 11. Qxc3 {[%emt 0:00:30]} g5 {[%emt 0:00:30]} 12. Bg3 {[%emt 0:00:30]} Ne4 {[%emt 0:00:30]} 13. Qc2 {[%emt 0:00:30]} Nd7 {[%emt 0:00:30]} 14. f3 {[%emt 0:00:30]} Nexc5 {[%emt 0:00:30]} 15. Ne2 {[%emt 0:00:30]} Rc8 {[%emt 0:00:30]} 16. Qd1 {[%emt 0:00:30]} Bf5 {[%emt 0:00:30]} 17. Nd4 {[%emt 0:00:30]} Bg6 {[%emt 0:00:30]} 18. b4 {[%emt 0:00:30]} Ne6 {[%emt 0:00:30]} 19. Nxe6 {[%emt 0:00:30]} fxe6 {[%emt 0:00:30]} 20. Bd3 {[%emt 0:00:30]} Bxd3 {[%emt 0:00:30]} 21. Qxd3 {[%emt 0:00:30]} Qf6 {[%emt 0:00:30]} 22. O-O {[%emt 0:00:30]} Rc3 {[%emt 0:00:30]} 23. Qb5 {[%emt 0:00:30]} Nb6 {[%emt 0:00:30]} 24. Bd6 {[%emt 0:00:30]} Rd8 {[%emt 0:00:30]} 25. Bc5 {[%emt 0:00:30]} e5 {[%emt 0:00:30]} 26. Rfe1 {[%emt 0:00:30]} Qc6 {[%emt 0:00:30]} 27. a4 {[%emt 0:00:30]} Rd7 {[%emt 0:00:30]} 28. Qxc6 {[%emt 0:00:30]} bxc6 {[%emt 0:00:30]} 29. Bxb6 {[%emt 0:00:30]} axb6 {[%emt 0:00:30]} 30. Rec1 {[%emt 0:00:30]} Rxc1+ {[%emt 0:00:30]} 31. Rxc1 {[%emt 0:00:30]} Rc7 {[%emt 0:00:30]} 32. b5 {[%emt 0:00:30]} c5 {[%emt 0:00:30]} 33. a5 bxa5 {[%emt 0:00:30]} 34. b6 Rb7 {[%emt 0:00:30]} 35. Rxc5 {[%emt 0:01:30]} Rxb6 {[%emt 0:00:30]} 36. Rxa5 {[%emt 0:00:30]} Rd6 {[%emt 0:00:30]} 37. e4 {[%emt 0:00:30]} dxe4 {[%emt 0:00:30]} 38. fxe4 {[%emt 0:00:30]} Re6 {[%emt 0:00:30]} 39. Ra7 {[%emt 0:00:30]} h5 {[%emt 0:00:30]} 40. h3 {[%emt 0:00:30]} Rb6 {[%emt 0:00:30]} 41. Ra5 {[%emt 0:00:30]} Re6 {[%emt 0:00:30]} 42. Kf2 {[%emt 0:00:30]} Kg7 {[%emt 0:00:30]} 43. Ke3 {[%emt 0:00:30]} Kf6 {[%emt 0:00:30]} 44. Ra1 {[%emt 0:00:30]} Rb6 {[%emt 0:00:30]} 45. Rf1+ {[%emt 0:00:30]} Kg6 {[%emt 0:00:30]} 46. Rf5 {[%emt 0:00:30]} Rb3+ {[%emt 0:00:30]} 47. Kf2 {[%emt 0:00:30]} Rb2+ {[%emt 0:00:30]} 48. Kf3 {[%emt 0:00:30]} Rb3+ {[%emt 0:00:30]} 49. Kf2 {[%emt 0:00:30]} Rb2+ {[%emt 0:00:30]} 50. Kg1 {[%emt 0:00:30]} Rb1+ {[%emt 0:00:30]} 51. Kh2 {[%emt 0:00:30]} Rb5 {[%emt 0:00:30]} 52. h4 {[%emt 0:00:30]} gxh4 {[%emt 0:00:30]} 53. Kh3 {[%emt 0:00:30]} Rb2 {[%emt 0:00:30]} 54. Rxe5 {[%emt 0:00:30]} Re2 {[%emt 0:00:30]} 55. Re8 {[%emt 0:00:30]} Kf7 {[%emt 0:00:30]} 56. Rh8 {[%emt 0:00:30]} Rxe4 {[%emt 0:00:30]} 57. Rxh5 {[%emt 0:00:30]} Kg6 {[%emt 0:00:30]} 58. Rxh4 {[%emt 0:00:30]} Re3+ {[%emt 0:00:30]} 59. g3 {[%emt 0:00:30]} Ra3 {[%emt 0:00:30]} 60. Rb4 {[%emt 0:00:30]} Kg5 {[%emt 0:00:30]} 61. Rb5+ {[%emt 0:00:30]} Kg6 {[%emt 0:00:30]} 62. Kh4 {[%emt 0:00:30]} Ra4+ {[%emt 0:00:30]} 63. g4 {[%emt 0:00:30]} Ra6 {[%emt 0:00:30]} 64. Rc5 {[%emt 0:00:30]} Rb6 {[%emt 0:00:30]} 65. Ra5 {[%emt 0:00:30]} Rc6 {[%emt 0:00:30]} 66. Rg5+ {[%emt 0:00:30]} Kh6 {[%emt 0:00:30]} 67. Rg8 {[%emt 0:00:30]} Kh7 {[%emt 0:00:30]} 68. Rf8 {[%emt 0:00:30]} Kg6 {[%emt 0:00:30]} 69. Rg8+ {[%emt 0:00:30]} Kh7 {[%emt 0:00:30]} 70. Ra8 {[%emt 0:00:30]} Kg6 {[%emt 0:00:30]} 71. Ra4 {[%emt 0:00:30]} Rb6 {[%emt 0:00:30]} 72. Re4 {[%emt 0:00:30]} Ra6 {[%emt 0:00:30]} 73. g5 {[%emt 0:00:30]} Rb6 {[%emt 0:00:30]} 74. Kg4 {[%emt 0:00:30]} Ra6 {[%emt 0:00:30]} 75. Rf4 {[%emt 0:00:30]} Rb6 {[%emt 0:00:30]} 76. Rf6+ {[%emt 0:00:30]} Rxf6 {[%emt 0:00:30]} 77. gxf6 {[%emt 0:00:30]} Kxf6 {[%emt 0:00:30]} 1/2-1/2

[Event "PanAm Intercolleagiate-ch 2019"]
[Site "Charlotte"]
[Date "2019.12.30"]
[Round "6.6"]
[White "Lenderman, Aleksandr"]
[Black "Ipatov, Alexander"]
[Result "0-1"]
[WhiteElo "2638"]
[BlackElo "2631"]
[Annotator "ChessBase"]
[PlyCount "128"]
[EventDate "2019.12.27"]
[EventType "team-tourn"]
[EventCountry "USA"]
[SourceTitle "playchess.com"]
[Source "ChessBase"]
[SourceQuality "1"]
[TimeControl "5400+30"]

1. d4 {[%emt 1:30:30]} Nf6 {[%emt 1:30:30]} 2. c4 {[%emt 0:00:30]} e6 {[%emt 0:00:30]} 3. Nf3 {[%emt 0:00:30]} d5 {[%emt 0:00:30]} 4. g3 {[%emt 0:00:30]} Bb4+ {[%emt 0:00:30]} 5. Bd2 {[%emt 0:00:30]} Be7 {[%emt 0:00:30]} 6. Bg2 {[%emt 0:00:30]} O-O {[%emt 0:00:30]} 7. O-O {[%emt 0:00:30]} Nbd7 {[%emt 0:00:30]} 8. Qc2 {[%emt 0:00:30]} c6 {[%emt 0:00:30]} 9. Bf4 {[%emt 0:00:30]} Ne4 {[%emt 0:00:30]} 10. h4 {[%emt 0:00:30]} h6 {[%emt 0:00:30]} 11. Nc3 {[%emt 0:00:30]} g5 {[%emt 0:00:30]} 12. hxg5 {[%emt 0:00:30]} hxg5 {[%emt 0:00:30]} 13. Be3 {[%emt 0:00:30]} Nd6 {[%emt 0:00:30]} 14. cxd5 {[%emt 0:00:30]} exd5 15. Rad1 {[%emt 0:00:30]} Nb6 {[%emt 0:01:00]} 16. b3 {[%emt 0:00:30]} Bf5 {[%emt 0:00:30]} 17. Qc1 {[%emt 0:00:30]} f6 {[%emt 0:00:30]} 18. Nh2 {[%emt 0:00:30]} Qd7 {[%emt 0:00:30]} 19. f3 {[%emt 0:00:30]} Rae8 {[%emt 0:00:30]} 20. Bf2 {[%emt 0:00:30]} Bd8 {[%emt 0:00:30]} 21. Rfe1 {[%emt 0:00:30]} Qh7 {[%emt 0:00:30]} 22. g4 {[%emt 0:00:30]} Bg6 {[%emt 0:00:30]} 23. Bg3 {[%emt 0:00:30]} Nbc8 {[%emt 0:00:30]} 24. e3 {[%emt 0:00:30]} f5 {[%emt 0:00:30]} 25. Ne2 {[%emt 0:00:30]} Ba5 {[%emt 0:00:30]} 26. Nc3 {[%emt 0:00:30]} Bd8 {[%emt 0:00:30]} 27. Ne2 {[%emt 0:00:30]} fxg4 {[%emt 0:00:30]} 28. Nxg4 {[%emt 0:00:30]} Nf5 {[%emt 0:00:30]} 29. Be5 {[%emt 0:00:30]} Nh4 {[%emt 0:00:30]} 30. Rf1 {[%emt 0:00:30]} Ne7 {[%emt 0:00:30]} 31. Bh1 {[%emt 0:00:30]} Nef5 {[%emt 0:00:30]} 32. Rf2 {[%emt 0:00:30]} Nh6 {[%emt 0:00:30]} 33. Nxh6+ {[%emt 0:00:30]} Qxh6 {[%emt 0:00:30]} 34. Rdf1 {[%emt 0:00:30]} Rf7 {[%emt 0:00:30]} 35. Ng3 {[%emt 0:00:30]} Bd3 {[%emt 0:00:30]} 36. Rd1 {[%emt 0:00:30]} Bg6 {[%emt 0:00:30]} 37. Rdf1 {[%emt 0:00:30]} Rh7 {[%emt 0:00:30]} 38. Qd2 {[%emt 0:00:30]} Nf5 {[%emt 0:00:30]} 39. Rh2 {[%emt 0:00:30]} Qxh2+ {[%emt 0:00:30]} 40. Qxh2 {[%emt 0:00:30]} Rxh2 {[%emt 0:00:30]} 41. Kxh2 {[%emt 0:00:30]} Nxe3 {[%emt 0:00:30]} 42. Rf2 {[%emt 0:00:30]} Bb6 {[%emt 0:00:30]} 43. Re2 {[%emt 0:00:30]} Nc2 {[%emt 0:00:30]} 44. Rd2 {[%emt 0:00:30]} Kf7 {[%emt 0:00:30]} 45. Bg2 {[%emt 0:00:30]} Ba5 {[%emt 0:00:30]} 46. Rf2 {[%emt 0:00:30]} Be1 {[%emt 0:00:30]} 47. Rf1 {[%emt 0:00:30]} Bd2 {[%emt 0:00:30]} 48. Ne2 {[%emt 0:00:30]} Nxd4 {[%emt 0:00:30]} 49. Bxd4 {[%emt 0:00:30]} Rxe2 {[%emt 0:00:30]} 50. Rf2 {[%emt 0:00:30]} Bf4+ {[%emt 0:00:30]} 51. Kh1 {[%emt 0:00:30]} Rxf2 {[%emt 0:00:30]} 52. Bxf2 {[%emt 0:00:30]} b6 {[%emt 0:00:30]} 53. b4 {[%emt 0:00:30]} Ke6 {[%emt 0:00:30]} 54. Bf1 {[%emt 0:00:30]} Kd6 {[%emt 0:00:30]} 55. Kg2 {[%emt 0:00:30]} c5 {[%emt 0:00:30]} 56. bxc5+ {[%emt 0:00:30]} bxc5 {[%emt 0:00:30]} 57. Bb5 {[%emt 0:00:30]} d4 {[%emt 0:00:30]} 58. Bc4 {[%emt 0:00:30]} Bf5 {[%emt 0:00:30]} 59. a3 {[%emt 0:00:30]} Be6 {[%emt 0:00:30]} 60. Ba6 {[%emt 0:00:30]} Bd5 {[%emt 0:00:30]} 61. Bc8 {[%emt 0:00:30]} d3 {[%emt 0:00:30]} 62. Bf5 {[%emt 0:00:30]} d2 {[%emt 0:00:30]} 63. Bc2 {[%emt 0:00:30]} g4 {[%emt 0:00:30]} 64. Kf1 {[%emt 0:00:30]} Bxf3 {[%emt 0:00:30]} 0-1

[Event "PanAm Intercolleagiate-ch 2019"]
[Site "Charlotte"]
[Date "2019.12.30"]
[Round "6.7"]
[White "Theodorou, Nikolas"]
[Black "Nyzhnyk, Illya"]
[Result "1/2-1/2"]
[WhiteElo "2555"]
[BlackElo "2660"]
[Annotator "ChessBase"]
[PlyCount "80"]
[EventDate "2019.12.27"]
[EventType "team-tourn"]
[EventCountry "USA"]
[SourceTitle "playchess.com"]
[Source "ChessBase"]
[SourceQuality "1"]
[TimeControl "5400+30"]

1. d4 {[%emt 1:30:30]} d6 {[%emt 1:30:30]} 2. Nf3 {[%emt 0:00:30]} Bg4 {[%emt 0:00:30]} 3. c4 {[%emt 0:00:30]} Nd7 {[%emt 0:00:30]} 4. e3 {[%emt 0:00:30]} Ngf6 {[%emt 0:00:30]} 5. Be2 {[%emt 0:00:30]} c6 {[%emt 0:00:30]} 6. Nc3 {[%emt 0:00:30]} e5 {[%emt 0:00:30]} 7. h3 {[%emt 0:00:30]} Bh5 {[%emt 0:00:30]} 8. O-O {[%emt 0:00:30]} Be7 {[%emt 0:00:30]} 9. Nh4 {[%emt 0:00:30]} Bxe2 {[%emt 0:00:30]} 10. Qxe2 {[%emt 0:00:30]} O-O {[%emt 0:00:30]} 11. Nf5 {[%emt 0:00:30]} Re8 {[%emt 0:00:30]} 12. dxe5 {[%emt 0:00:30]} dxe5 {[%emt 0:00:30]} 13. Rd1 {[%emt 0:00:30]} g6 {[%emt 0:00:30]} 14. Nxe7+ {[%emt 0:00:30]} Qxe7 {[%emt 0:00:30]} 15. b3 {[%emt 0:00:30]} Rad8 {[%emt 0:00:30]} 16. Bb2 {[%emt 0:00:30]} Nf8 {[%emt 0:00:30]} 17. Qc2 {[%emt 0:00:30]} Ne6 {[%emt 0:00:30]} 18. Ne2 {[%emt 0:00:30]} Nd7 {[%emt 0:00:30]} 19. Rd2 {[%emt 0:00:30]} f6 {[%emt 0:00:30]} 20. Rad1 {[%emt 0:00:30]} Ndf8 {[%emt 0:00:30]} 21. Ng3 {[%emt 0:00:30]} Rxd2 {[%emt 0:00:30]} 22. Rxd2 {[%emt 0:00:30]} Rd8 {[%emt 0:00:30]} 23. Rxd8 {[%emt 0:00:30]} Nxd8 {[%emt 0:00:30]} 24. h4 {[%emt 0:00:30]} Nd7 {[%emt 0:00:30]} 25. Qd2 {[%emt 0:00:30]} Nc5 {[%emt 0:00:30]} 26. b4 {[%emt 0:00:30]} Qd7 {[%emt 0:00:30]} 27. Qe2 {[%emt 0:00:30]} Nce6 {[%emt 0:00:30]} 28. h5 {[%emt 0:00:30]} Nf7 {[%emt 0:00:30]} 29. Ne4 {[%emt 0:00:30]} Qe7 {[%emt 0:00:30]} 30. a3 {[%emt 0:00:30]} Nd6 {[%emt 0:00:30]} 31. Nd2 {[%emt 0:00:30]} b6 {[%emt 0:00:30]} 32. hxg6 {[%emt 0:00:30]} hxg6 {[%emt 0:00:30]} 33. f4 {[%emt 0:00:30]} exf4 {[%emt 0:00:30]} 34. exf4 {[%emt 0:00:30]} Kf7 {[%emt 0:00:30]} 35. g3 {[%emt 0:00:30]} Nf5 {[%emt 0:00:30]} 36. Ne4 {[%emt 0:00:30]} Nfd4 {[%emt 0:00:30]} 37. Bxd4 {[%emt 0:00:30]} Nxd4 {[%emt 0:00:30]} 38. Qd3 {[%emt 0:00:30]} c5 {[%emt 0:00:30]} 39. bxc5 {[%emt 0:00:30]} bxc5 {[%emt 0:00:30]} 40. Kf2 {[%emt 0:00:30]} f5 {[%emt 0:00:30]} 1/2-1/2

[Event "PanAm Intercolleagiate-ch 2019"]
[Site "Charlotte"]
[Date "2019.12.30"]
[Round "6.8"]
[White "Hakobyan, Aram"]
[Black "Bok, Benjamin"]
[Result "1/2-1/2"]
[WhiteElo "2576"]
[BlackElo "2636"]
[Annotator "ChessBase"]
[PlyCount "35"]
[EventDate "2019.12.27"]
[EventType "team-tourn"]
[EventCountry "USA"]
[SourceTitle "playchess.com"]
[Source "ChessBase"]
[SourceQuality "1"]
[TimeControl "5400+30"]

1. d4 {[%emt 1:30:30]} Nf6 {[%emt 1:30:30]} 2. c4 {[%emt 0:00:30]} e6 {[%emt 0:00:30]} 3. Nf3 {[%emt 0:00:30]} d5 {[%emt 0:00:30]} 4. Nc3 {[%emt 0:00:30]} Bb4 {[%emt 0:00:30]} 5. Bg5 {[%emt 0:00:30]} h6 {[%emt 0:00:30]} 6. Bxf6 {[%emt 0:00:30]} Qxf6 {[%emt 0:00:30]} 7. e3 {[%emt 0:00:30]} O-O {[%emt 0:00:30]} 8. Rc1 {[%emt 0:00:30]} dxc4 {[%emt 0:00:30]} 9. Bxc4 {[%emt 0:00:30]} c5 {[%emt 0:00:30]} 10. O-O {[%emt 0:00:30]} cxd4 {[%emt 0:00:30]} 11. Ne4 {[%emt 0:00:30]} Qe7 {[%emt 0:00:30]} 12. a3 {[%emt 0:00:30]} Ba5 {[%emt 0:00:30]} 13. Qxd4 {[%emt 0:00:30]} Rd8 {[%emt 0:00:30]} 14. Qe5 {[%emt 0:00:30]} Bb6 {[%emt 0:00:30]} 15. Rfd1 {[%emt 0:00:30]} Nc6 {[%emt 0:00:30]} 16. Qh5 {[%emt 0:00:30]} Bd7 {[%emt 0:00:30]} 17. g4 {[%emt 0:00:30]} Na5 {[%emt 0:00:30]} 18. Bb5 {[%emt 0:00:30]} 1/2-1/2